000 00519nam a2200181Ia 4500
001 9403
005 20260306161716.0
008 260306t2010||||xx |||||||||||||| ||spa||
041 _aESP
082 _a378.4
_bS21
100 _aSantelices, Bernabé
_eAUT
245 0 _aEl rol de las universidades en el desarrollo científico y tecnológico:
_beducación superior en Iberoamérica. Informe 2010
260 _c2010
300 _a241 páginas :
_c28 cm.
650 _aGEN
654 _aCED
942 _cLIB
_dJUS
_fJUS
_2ddc
_n
999 _c9403
_d9403